000 00577nam a2200181 4500
999 _c512670
_d512670
008 191206b ||||| |||| 00| 0 eng d
100 _aTong, Yuying
_914318
245 _aMigration, livelihood strategies, and agricultural outcomes: A gender study in Rural China
260 _bRural Sociology
300 _a84(3), Sep, 2019: p.591-621.
650 _aAgriculture - China
_914319
650 _aWomen - China
_914320
700 _aShu, Binbin
_914321
700 _aPiotrowski, Martin
_914322
773 _aRural Sociology
906 _aMigration - China
942 _2ddc
_cAR